000 00252nam a2200109Ia 4500
008 190216s9999||||xx |||||||||||||| ||und||
100 _aGrewal T S
245 0 _aIntroduction To Accountancy
260 _bS Chand & Co
_c1988
300 _a864p
942 _cBK
999 _c4954
_d4954